Príručka navrhovania stavebných konštrukcií

Guardado en:
Detalles Bibliográficos
Autor principal: Hamák, Ľuboš (Autor)
Formato: Libro
Lenguaje:eslovaco
Publicado: Bratislava : Alfa, 1974
Edición:1.vyd.
Etiquetas: Agregar Etiqueta
Sin Etiquetas, Sea el primero en etiquetar este registro!

MARC

LEADER 00000nam a22000003a 4500
001 stu142395
005 20150617225927.3
008 070615s1974----cs------------------slo-d
040 |a STU  |b slo 
041 0 |a slo 
044 |a cs 
080 |a 624.04(021) 
100 1 |a Hamák, Ľuboš  |4 aut 
245 1 |a Príručka navrhovania stavebných konštrukcií 
250 |a 1.vyd. 
260 |a Bratislava :  |b Alfa,  |c 1974 
300 |a 565 s 
996 |b 284V035067  |c V*8009/O-940a  |l VVS  |s A  |a 24  |w stu142395_0001 
996 |b 284V027784  |c V*8008/O-940  |l VVT  |s A  |a 24  |w stu142395_0002 
996 |b 284V035068  |c V*8010/O-940b  |l VVS  |s A  |a 24  |w stu142395_0003